000 00591nmm a2200193Ia 4500
008 251105s9999||||xx |||||||||||||||||und||
041 _aspa
100 _aChiara, Piero
245 0 _aLas aventuras de Pierino en el mercado de Luino
264 _a[México D.C., Mexico] :
_bFondo de Cultura Económica,
_c1995
300 _a99 páginas
490 _aA la Orilla del Viento
650 _aAges 9-12 Years Old
700 _aChiara, Piero
700 1 _a Morábito, Fabio
700 1 _a Fernando Enríquez, Luis
856 _uhttps://public.digitaliapublishing.com/a/64703
942 _cCF
999 _c63962
_d63962